Dvojstupňové splyňovanie lignocelulózovej biomasy

Guardado en:
Detalles Bibliográficos
Autor principal: Galan, Dalibor (Autor)
Otros Autores: Haydary, Juma (Orientador)
Formato: Manuscrito Libro
Lenguaje:eslovaco
Publicado: 2017
Materias:
Acceso en línea:http://is.stuba.sk/zp/portal_zp.pl?podrobnosti=119415
Etiquetas: Agregar Etiqueta
Sin Etiquetas, Sea el primero en etiquetar este registro!

MARC

LEADER 00000ntm a22000003a 4500
001 stuzp65039
003 SK-STU
005 20170715211057.9
007 ta
008 150427s2015----xo-----f-mn---000-0-slo-d
040 |a STU  |b slo 
041 0 |a slo 
100 1 |a Galan, Dalibor  |u 046000  |4 aut  |U FCHPT Fakulta chemickej a potravinárskej technológie  |T FCHPT Ústav chemického a environmentálneho inžinierstva  |X 76785  |U C6000  |Y 104  |7 76785 
242 0 1 |a Two-Stage Model of Lignocellulose Biomass Gasification  |y eng 
245 1 0 |a Dvojstupňové splyňovanie lignocelulózovej biomasy 
260 |c 2017 
650 4 |a pyrolýza  |2 slo 
650 4 |a splyňovanie  |2 slo 
650 4 |a biomasa  |2 slo 
650 4 |a pyrolysis  |2 eng 
650 4 |a gasification  |2 eng 
650 4 |a biomass  |2 eng 
700 1 |a Haydary, Juma  |u 046230  |k Z1  |4 ths  |U FCHPT Ústav chemického a environmentálneho inžinierstva  |T FCHPT Oddelenie chemického a biochemického inžinierstva  |X 3923  |U C6230  |Y 119  |7 A000003923 
856 4 |u http://is.stuba.sk/zp/portal_zp.pl?podrobnosti=119415